000 01042cab a2200289 4500
001 ABS55911
008 090401t1996 xxu||||| |||| 00| 0 eng d
035 _a(Sirsi) u19732
041 _aeng
100 _aBrewer, G.
245 _aRemitting Scott Schedules
260 _c1996
350 _a0
490 _aContract Journal
_v385(6096) 10 October 1996, 19(1)
520 _aAsks whether an arbitrator is obliged to follow the Scott Schedule when presenting the issues at dispute; with reference to "Ledwood Construction v Kier Construction".
650 _aARBITRATION ACT 1950 S22(1)
650 _aARBITRATION ACT 1996 S68
650 _aARBITRATORS' AWARDS
650 _aDISPUTE RESOLUTION
_96236
650 _aINTERIM AWARDS
650 _aLEDWOOD CONSTRUCTION V KIER CONSTRUCTION
650 _aSCOTT SCHEDULES
690 _aMANAGEMENT-DISPUTE AVOIDANCE, MANAGEMENT AND RESOLUTION-DISPUTE MANAGEMENT AND RESOLUTION-ARBITRATION
690 _aBUILT ENVIRONMENT-BUILDING CONTRACT FORMS
942 _n0
948 _c04/03/1997
999 _c13204
_d13204